[Event "MCR mladeze 2014, D16"]
[Site "Kouty nad Desnou"]
[Date "2014.03.09"]
[Round "2"]
[White "Janska, Jitka"]
[Black "Suchomelova, Simona"]
[Result "1/2-1/2"]
[WhiteElo "1954"]
[BlackElo "1818"]
[PlyCount "126"]
[EventDate "2014.??.??"]

1. e4 e5 2. Nf3 Nc6 3. Bc4 Nf6 4. d3 Be7 5. O-O O-O 6. Re1 d6 7. c3 Na5 8. Bb5
a6 9. Ba4 b5 10. Bc2 c5 11. Nbd2 Bb7 12. Nf1 Re8 13. Ng3 g6 14. h3 Bf8 15. d4
cxd4 16. cxd4 Nc6 17. d5 Nb8 18. Be3 Nbd7 19. Qd2 Qe7 20. Bd3 Rec8 21. a4 bxa4
22. Rxa4 Nc5 23. Bxc5 Rxc5 24. Rea1 Qd7 25. b4 Rcc8 26. Bxa6 Rxa6 27. Rxa6 Bxa6
28. Rxa6 Qb7 29. Ra4 Rc4 30. Qe3 Rxb4 31. Ra7 Qb8 32. Kh2 Rb3 33. Ra8 Qxa8 34.
Qxb3 Qc8 35. Qb6 Nd7 36. Qc6 Qd8 37. Nd2 Nc5 38. Qb5 Qd7 39. Qc6 f6 40. Nb3
Qxc6 41. dxc6 Ne6 42. Nf1 Kf7 43. Ne3 Be7 44. Nd5 Bd8 45. Na1 Nc7 46. Nc2 Ke6
47. Ncb4 f5 48. Nxc7+ Bxc7 49. Nd5 Ba5 50. f3 f4 51. c7 Kd7 52. Nf6+ Kxc7 53.
Nxh7 Kc6 54. Nf8 g5 55. Ne6 d5 56. exd5+ Kxd5 57. Nxg5 Be1 58. Ne4 Bh4 59. g3
fxg3+ 60. Nxg3 Ke6 61. Kg2 Kf6 62. Ne4+ Kf5 63. Nd6+ Kf4 1/2-1/2

[Event "MCR mladeze 2014, D16"]
[Site "Kouty nad Desnou"]
[Date "2014.03.09"]
[Round "2"]
[White "Kubosova, Jana"]
[Black "Fuskova, Martina"]
[Result "0-1"]
[WhiteElo "1653"]
[BlackElo "1942"]
[PlyCount "48"]
[EventDate "2014.??.??"]

1. d4 Nf6 2. Nf3 e6 3. Bf4 d5 4. e3 c5 5. c3 Nc6 6. Bd3 Bd6 7. Bg3 O-O 8. Nbd2
Qe7 9. Ne5 Nd7 10. Qh5 g6 11. Nxc6 bxc6 12. Qh6 cxd4 13. cxd4 e5 14. Nf3 Bb4+
15. Nd2 exd4 16. Qf4 dxe3 17. Qxe3 Qxe3+ 18. fxe3 Re8 19. Bf2 Ne5 20. Be2 d4
21. a3 Ba5 22. O-O-O Bg4 23. Rhe1 Bxe2 24. Rxe2 Nd3+ 0-1

[Event "MCR mladeze 2014, D16"]
[Site "Kouty nad Desnou"]
[Date "2014.03.09"]
[Round "2"]
[White "Kanakova, Natalie"]
[Black "Bohanesova, Vendula"]
[Result "1-0"]
[WhiteElo "1886"]
[BlackElo "1651"]
[PlyCount "90"]
[EventDate "2014.??.??"]

1. e4 e6 2. d4 d5 3. Nc3 dxe4 4. Nxe4 Nd7 5. Nf3 Ngf6 6. Nxf6+ Nxf6 7. Bd3 Bd6
8. Bg5 h6 9. Bh4 Bd7 10. Qe2 c5 11. O-O Qb6 12. dxc5 Qxc5 13. a3 O-O-O 14. c4
g5 15. b4 Qc7 16. Bg3 Bxg3 17. fxg3 Ng4 18. c5 Kb8 19. Kh1 Rdg8 20. Rac1 Bc6
21. Nd4 h5 22. Nxc6+ bxc6 23. b5 Nxh2 24. b6 Qxg3 25. bxa7+ Ka8 26. Qe4 Rc8 27.
Bb5 Qc7 28. Rxf7 Qxf7 29. Bxc6+ Rxc6 30. Qxc6+ Qb7 31. Qxb7+ Kxb7 32. Kxh2 Kxa7
33. Re1 Rc8 34. Re5 g4 35. Rxh5 Ka6 36. Kg3 Kb5 37. Kxg4 Ka4 38. Kf4 Kxa3 39.
g4 Kb4 40. Re5 Kc4 41. g5 Kd4 42. Rxe6 Rxc5 43. Rd6+ Kc4 44. g6 Rh5 45. g7 Rh4+
1-0

[Event "MCR mladeze 2014, D16"]
[Site "Kouty nad Desnou"]
[Date "2014.03.09"]
[Round "2"]
[White "Nova, Michaela"]
[Black "Beluska, Tereza"]
[Result "1-0"]
[WhiteElo "1640"]
[BlackElo "1660"]
[PlyCount "113"]
[EventDate "2014.??.??"]

1. e4 e6 2. d4 d5 3. Nd2 Nf6 4. Bd3 c5 5. e5 Nfd7 6. c3 Nc6 7. Ne2 cxd4 8. cxd4
f6 9. exf6 Nxf6 10. Nf3 Bd6 11. O-O O-O 12. Bf4 Bxf4 13. Nxf4 Qb6 14. b3 Nb4
15. Re1 Nxd3 16. Qxd3 Ne4 17. g3 Bd7 18. h4 Bb5 19. Qe3 Rac8 20. Rac1 Rxc1 21.
Rxc1 Qd6 22. a4 Bd7 23. Ne5 Rc8 24. Kg2 Rxc1 25. Qxc1 Nf6 26. Qe3 Be8 27. Ned3
Bf7 28. Nc5 Ng4 29. Qe2 e5 30. Qxg4 exf4 31. Qc8+ Qf8 32. Qxf8+ Kxf8 33. Nxb7
fxg3 34. fxg3 Ke7 35. Kf3 Bg6 36. g4 Bc2 37. Nc5 h6 38. Kf4 Kd6 39. b4 Bb1 40.
g5 hxg5+ 41. Kxg5 Bc2 42. Kf4 Bb1 43. b5 Bh7 44. a5 Bb1 45. b6 axb6 46. axb6
Kc6 47. b7 Kc7 48. Ke5 Ba2 49. Ne6+ Kxb7 50. Nxg7 Kc6 51. h5 Bb1 52. Nf5 Kb5
53. h6 Kc4 54. h7 Bxf5 55. Kxf5 Kxd4 56. h8=Q+ Ke3 57. Qc3+ 1-0

[Event "MCR mladeze 2014, D16"]
[Site "Kouty nad Desnou"]
[Date "2014.03.09"]
[Round "2"]
[White "Pokorna, Jana"]
[Black "Tajovska, Martina"]
[Result "1/2-1/2"]
[WhiteElo "1378"]
[BlackElo "1575"]
[PlyCount "110"]
[EventDate "2014.??.??"]

1. e4 e5 2. Nf3 Nc6 3. d4 exd4 4. Nxd4 Bc5 5. Be3 Qf6 6. c3 Nge7 7. Qd2 h6 8.
Nb5 Bxe3 9. Qxe3 Kd8 10. Nd2 Re8 11. Be2 Ng6 12. Qf3 Qxf3 13. Bxf3 Nge5 14. Be2
f5 15. O-O fxe4 16. Nxe4 a6 17. Na3 d6 18. Rfe1 Be6 19. Nd2 Kd7 20. Nac4 Rad8
21. Nxe5+ Nxe5 22. Nf3 Nxf3+ 23. Bxf3 b6 24. a3 Bf5 25. Rad1 Bc2 26. Rc1 Ba4
27. Kf1 Rxe1+ 28. Rxe1 Re8 29. Rxe8 Kxe8 30. Ke2 Ke7 31. Kd3 Ke6 32. Bg4+ Ke5
33. Bf3 Bb5+ 34. Ke3 a5 35. g3 c5 36. Bg2 Bc4 37. f4+ Kf5 38. Bh3+ Kf6 39. Ke4
Bb3 40. Kd3 d5 41. Bg4 Ke7 42. Bh3 Kd6 43. Bg4 Ba4 44. Bh3 Be8 45. Ke3 Kc6 46.
Bf1 Bd7 47. Be2 Bf5 48. Bf1 Bc2 49. Be2 Ba4 50. Bf1 Kd6 51. Bh3 Ke7 52. Bg4 Kf6
53. Bh3 Bc2 54. Bg4 Bf5 55. Bf3 Be6 1/2-1/2

[Event "MCR mladeze 2014, D16"]
[Site "Kouty nad Desnou"]
[Date "2014.03.09"]
[Round "2"]
[White "Dolezalova, Lada"]
[Black "Hartingerova, Martina"]
[Result "1/2-1/2"]
[WhiteElo "1606"]
[BlackElo "1458"]
[PlyCount "53"]
[EventDate "2014.??.??"]

1. e4 d5 2. exd5 Qxd5 3. Nc3 Qd6 4. Bc4 c6 5. a4 Nf6 6. d3 Nbd7 7. Nf3 Nb6 8.
Bb3 Bg4 9. h3 Bh5 10. Qe2 e6 11. g4 Bg6 12. Ne5 Nfd5 13. Nxd5 Nxd5 14. h4 f6
15. h5 fxe5 16. hxg6 h6 17. Bd2 Kd7 18. O-O-O Be7 19. Rde1 Bf6 20. Rhf1 Rae8
21. Rh1 Rhf8 22. Qe4 Qc5 23. Qg2 Nf4 24. Bxf4 exf4 25. Qe4 e5 26. f3 Kc7 27.
Kb1 1/2-1/2

[Event "MCR mladeze 2014, D16"]
[Site "Kouty nad Desnou"]
[Date "2014.03.09"]
[Round "2"]
[White "Novotna, Barbora"]
[Black "Homolkova, Ivana"]
[Result "0-1"]
[WhiteElo "1546"]
[BlackElo "1341"]
[PlyCount "66"]
[EventDate "2014.??.??"]

1. e4 e5 2. Nf3 Nc6 3. Bc4 Bc5 4. c3 Nf6 5. d3 d6 6. O-O Be6 7. Bxe6 fxe6 8.
Qb3 Qc8 9. Be3 Bb6 10. Nbd2 O-O 11. Rad1 d5 12. exd5 exd5 13. Bxb6 axb6 14.
Rfe1 Qf5 15. d4 e4 16. Ne5 Nxe5 17. dxe5 Qxe5 18. c4 Ng4 19. Qg3 Qxg3 20. fxg3
Rxa2 21. Rb1 Rf2 22. h3 Rxd2 23. hxg4 c6 24. cxd5 cxd5 25. Red1 Rxd1+ 26. Rxd1
Ra5 27. Kf2 Kf7 28. Rc1 Rc5 29. Rd1 Ke6 30. Rd2 Ke5 31. Ke3 Rb5 32. Ke2 d4 33.
Ke1 e3 0-1

[Event "MCR mladeze 2014, D16"]
[Site "Kouty nad Desnou"]
[Date "2014.03.10"]
[Round "3"]
[White "Fuskova, Martina"]
[Black "Mackova, Veronika"]
[Result "1-0"]
[WhiteElo "1942"]
[BlackElo "1747"]
[PlyCount "47"]
[EventDate "2014.??.??"]

1. e4 e5 2. Nf3 Nc6 3. Bc4 Nf6 4. d4 exd4 5. e5 Ne4 6. Bd5 Bb4+ 7. Nbd2 Ng5 8.
O-O Bxd2 9. Bxd2 Nxf3+ 10. Qxf3 O-O 11. Rfe1 Ne7 12. Bg5 c6 13. Be4 Qe8 14.
Rad1 Ng6 15. Bd3 b6 16. h4 d5 17. exd6 Qd7 18. h5 Qg4 19. hxg6 Qxg5 20. gxf7+
Kh8 21. Re8 Bb7 22. Rxa8 Bxa8 23. Re1 Qd8 24. Qe4 1-0

[Event "MCR mladeze 2014, D16"]
[Site "Kouty nad Desnou"]
[Date "2014.03.10"]
[Round "3"]
[White "Nova, Michaela"]
[Black "Kanakova, Natalie"]
[Result "1/2-1/2"]
[WhiteElo "1640"]
[BlackElo "1886"]
[PlyCount "91"]
[EventDate "2014.??.??"]

1. e4 c5 2. Nf3 e6 3. d4 cxd4 4. Nxd4 Nf6 5. Nc3 Nc6 6. Ndb5 Bc5 7. Nd6+ Ke7 8.
Bf4 e5 9. Nf5+ Kf8 10. Bg5 d6 11. Bxf6 Qxf6 12. Nd5 Qg6 13. Ng3 h5 14. h4 Bg4
15. Be2 Nd4 16. Bf3 a6 17. c3 Ne6 18. Qd2 Rc8 19. Rd1 a5 20. a4 Nc7 21. Nxc7
Rxc7 22. b4 axb4 23. cxb4 Bd4 24. Rc1 Rxc1+ 25. Qxc1 Bb6 26. Qc4 Bd7 27. a5 Bd8
28. Qe2 Qh6 29. Qd1 Qe6 30. Qc2 g6 31. Nf1 Kg7 32. Ne3 Be7 33. g3 Rc8 34. Qd3
Rc1+ 35. Bd1 Qa2 36. O-O Qa1 37. Kh2 Qb2 38. Nd5 Bd8 39. Bf3 Rxf1 40. Qxf1 Bc6
41. Qe1 Qb3 42. Kg2 f5 43. Qd2 f4 44. Be2 fxg3 45. fxg3 Bxd5 46. exd5 1/2-1/2

[Event "MCR mladeze 2014, D16"]
[Site "Kouty nad Desnou"]
[Date "2014.03.10"]
[Round "3"]
[White "Pychova, Nela"]
[Black "Janska, Jitka"]
[Result "1/2-1/2"]
[WhiteElo "1990"]
[BlackElo "1954"]
[PlyCount "71"]
[EventDate "2014.??.??"]

1. c4 e6 2. Nf3 d5 3. b3 Nf6 4. Bb2 Be7 5. g3 O-O 6. Bg2 c5 7. e3 Nc6 8. O-O
Qc7 9. d3 Rd8 10. Qe2 b6 11. Nc3 Bb7 12. Rfd1 Rac8 13. Rac1 Qb8 14. Na4 h6 15.
Ba3 Bf8 16. cxd5 Nxd5 17. Bb2 Ba6 18. a3 Be7 19. Qc2 Bf6 20. Qb1 Ne5 21. Nxe5
Bxe5 22. Qa1 Bxb2 23. Qxb2 Nf6 24. Qc3 Rd7 25. Rd2 Rcd8 26. Rcd1 Bb7 27. e4 Rd4
28. Nb2 Ba6 29. Nc4 Qc7 30. Ne3 R4d7 31. h3 Rd4 32. Nc2 R4d7 33. Ne3 Rd4 34.
Nc2 R4d7 35. Ne3 Rd4 36. Nc2 1/2-1/2

[Event "MCR mladeze 2014, D16"]
[Site "Kouty nad Desnou"]
[Date "2014.03.10"]
[Round "3"]
[White "Suchomelova, Simona"]
[Black "Kubosova, Jana"]
[Result "1/2-1/2"]
[WhiteElo "1818"]
[BlackElo "1653"]
[PlyCount "48"]
[EventDate "2014.??.??"]

1. e4 c5 2. Nf3 e6 3. d4 cxd4 4. Nxd4 Nf6 5. Nc3 Nc6 6. Ndb5 Bb4 7. a3 Bxc3+ 8.
Nxc3 d5 9. exd5 exd5 10. Bd3 O-O 11. O-O Bg4 12. f3 Be6 13. b4 Ne5 14. Bb2 Nc4
15. Bxc4 dxc4 16. Qxd8 Rfxd8 17. Rfe1 Rd2 18. Re2 Rad8 19. Rxd2 Rxd2 20. Rd1
Rxd1+ 21. Nxd1 Nd5 22. Bd4 a6 23. Ne3 Nc7 24. a4 b5 1/2-1/2

[Event "MCR mladeze 2014, D16"]
[Site "Kouty nad Desnou"]
[Date "2014.03.10"]
[Round "3"]
[White "Bohanesova, Vendula"]
[Black "Pokorna, Jana"]
[Result "1/2-1/2"]
[WhiteElo "1651"]
[BlackElo "1378"]
[PlyCount "79"]
[EventDate "2014.??.??"]

1. e4 e5 2. Nf3 Nc6 3. Nc3 Nf6 4. d4 exd4 5. Nxd4 Bb4 6. Nxc6 dxc6 7. Qxd8+
Kxd8 8. Bg5 Bxc3+ 9. bxc3 h6 10. Bh4 g5 11. O-O-O+ Bd7 12. Bg3 Nxe4 13. Rd3
Nxg3 14. hxg3 Ke7 15. Be2 Rad8 16. g4 Be6 17. Rdh3 Bxa2 18. c4 b5 19. Rxh6 Rxh6
20. Rxh6 Rd6 21. Rxd6 cxd6 22. cxb5 cxb5 23. Bxb5 Bd5 24. f3 Ke6 25. Kd2 Ke5
26. Ke3 f5 27. gxf5 Kxf5 28. g3 a5 29. Bd7+ Ke5 30. f4+ gxf4+ 31. gxf4+ Kf6 32.
Kd4 Be6 33. Bxe6 Kxe6 34. Kc4 Kf5 35. Kb5 Kxf4 36. c4 Ke5 37. Kxa5 Kd4 38. Kb4
Ke5 39. c5 dxc5+ 40. Kxc5 1/2-1/2

[Event "MCR mladeze 2014, D16"]
[Site "Kouty nad Desnou"]
[Date "2014.03.10"]
[Round "3"]
[White "Homolkova, Ivana"]
[Black "Benesova, Martina"]
[Result "0-1"]
[WhiteElo "1341"]
[BlackElo "1496"]
[PlyCount "54"]
[EventDate "2014.??.??"]

1. e4 e6 2. d4 d5 3. exd5 exd5 4. Nf3 Bd6 5. Nc3 c6 6. Bg5 f6 7. Bh4 Qc7 8. Bd3
Ne7 9. Bg3 O-O 10. Qd2 Bf5 11. O-O-O a5 12. Bxd6 Qxd6 13. h4 b5 14. h5 Bxd3 15.
Qxd3 Qf4+ 16. Kb1 Nf5 17. g3 Qg4 18. Rde1 Nh6 19. Re7 Na6 20. Rh4 Qf5 21. Qe2
Kh8 22. Re6 Nb4 23. g4 Nxg4 24. a3 Nxc2 25. Kc1 Na1 26. Re7 Nb3+ 27. Kd1 b4 0-1

[Event "MCR mladeze 2014, D16"]
[Site "Kouty nad Desnou"]
[Date "2014.03.10"]
[Round "3"]
[White "Beluska, Tereza"]
[Black "Hartingerova, Martina"]
[Result "1-0"]
[WhiteElo "1660"]
[BlackElo "1458"]
[PlyCount "143"]
[EventDate "2014.??.??"]

1. e4 d5 2. exd5 Qxd5 3. Nc3 Qd6 4. d4 c6 5. Nf3 Bg4 6. Be3 Nf6 7. h3 Bh5 8. g4
Bg6 9. Bg2 Nbd7 10. Qd2 e6 11. Bf4 Qb4 12. Rb1 Nd5 13. a3 Qa5 14. Nxd5 Qxd2+
15. Kxd2 cxd5 16. Rbc1 Rc8 17. c3 Nb6 18. Ne5 Nc4+ 19. Nxc4 Rxc4 20. Bf1 Rc6
21. Bb5 Kd7 22. c4 Be4 23. Rhe1 Be7 24. Rxe4 dxe4 25. d5 g5 26. Be3 h5 27.
dxc6+ bxc6 28. Ba4 hxg4 29. hxg4 a6 30. Bd1 f5 31. gxf5 exf5 32. Bc2 Rh2 33.
Ke2 f4 34. Bd4 e3 35. Rf1 Ke6 36. Kf3 c5 37. Bc3 exf2 38. Be4 Bf6 39. Bxf6 Kxf6
40. Rxf2 Rh3+ 41. Kg2 Rg3+ 42. Kf1 Ke5 43. Bd5 g4 44. Rg2 Rb3 45. Rxg4 Rxb2 46.
Rg6 Rb1+ 47. Ke2 Rb2+ 48. Ke1 Rb1+ 49. Kd2 Rb2+ 50. Kc3 Rf2 51. Rxa6 Ra2 52.
Kb3 Rd2 53. Re6+ Kd4 54. Re4+ Kd3 55. Rxf4 Rd1 56. Ka4 Kc3 57. Rf3+ Kd4 58. Rb3
Rg1 59. Kb5 Rf1 60. a4 Rf8 61. a5 Rb8+ 62. Ka4 Rh8 63. a6 Rh7 64. Rb7 Rh2 65.
Kb5 Rb2+ 66. Kc6 Ra2 67. a7 Ra6+ 68. Kc7 Kc3 69. Kb8 Rd6 70. a8=Q Rd8+ 71. Ka7
Rxa8+ 72. Kxa8 1-0

[Event "MCR mladeze 2014, D16"]
[Site "Kouty nad Desnou"]
[Date "2014.03.10"]
[Round "3"]
[White "Kubosova, Hana"]
[Black "Dolezalova, Lada"]
[Result "1-0"]
[WhiteElo "1509"]
[BlackElo "1606"]
[PlyCount "57"]
[EventDate "2014.??.??"]

1. c4 e5 2. Nc3 f5 3. g3 Nf6 4. Bg2 Nc6 5. d3 Bc5 6. Nf3 O-O 7. O-O a6 8. Bd2
d6 9. a3 a5 10. Rb1 Be6 11. Na4 Ba7 12. b4 axb4 13. axb4 Nh5 14. Ng5 Bd7 15.
Bd5+ Kh8 16. Nf7+ Rxf7 17. Bxf7 Nf6 18. Bg5 Qe7 19. Bd5 h6 20. Bxf6 Qxf6 21. b5
Nd8 22. e3 f4 23. exf4 exf4 24. b6 cxb6 25. Nxb6 Bh3 26. Nxa8 fxg3 27. hxg3 Qg5
28. Qf3 Bg4 29. Qf8+ 1-0

[Event "MCR mladeze 2014, D16"]
[Site "Kouty nad Desnou"]
[Date "2014.03.11"]
[Round "4"]
[White "Kanakova, Natalie"]
[Black "Fuskova, Martina"]
[Result "1-0"]
[WhiteElo "1886"]
[BlackElo "1942"]
[PlyCount "57"]
[EventDate "2014.??.??"]

1. e4 c5 2. Nf3 e6 3. d4 cxd4 4. Nxd4 Nf6 5. Nc3 d6 6. Be2 Be7 7. O-O Nc6 8.
Be3 O-O 9. Kh1 e5 10. Nb3 Be6 11. f4 exf4 12. Bxf4 d5 13. exd5 Nxd5 14. Nxd5
Bxd5 15. c4 Be6 16. Qc2 Nd4 17. Nxd4 Qxd4 18. Rad1 Qc5 19. a3 Rfd8 20. b4 Qc6
21. c5 Rac8 22. Be3 Bd5 23. Bd3 g6 24. Rd2 Qe6 25. Bh6 Qh3 26. Bc4 Qh5 27. Qc3
f6 28. Bxd5+ Rxd5 29. Qb3 1-0

[Event "MCR mladeze 2014, D16"]
[Site "Kouty nad Desnou"]
[Date "2014.03.11"]
[Round "4"]
[White "Janska, Jitka"]
[Black "Nova, Michaela"]
[Result "1-0"]
[WhiteElo "1954"]
[BlackElo "1640"]
[PlyCount "71"]
[EventDate "2014.??.??"]

1. e4 c5 2. Nf3 e6 3. d4 cxd4 4. Nxd4 a6 5. Nc3 Qc7 6. Be2 Nf6 7. O-O Be7 8.
Be3 O-O 9. f4 d6 10. Bf3 Nc6 11. Kh1 Bd7 12. Nb3 Rfd8 13. Qe2 b5 14. Qf2 Rab8
15. a3 a5 16. h3 a4 17. Nd4 Na5 18. Be2 Nc4 19. Bxc4 bxc4 20. e5 Nd5 21. Nxd5
exd5 22. c3 Rb7 23. Rae1 Rf8 24. Re2 dxe5 25. fxe5 Bc5 26. Nf3 Bxe3 27. Rxe3
Be6 28. Nd4 Qe7 29. Rfe1 Rb6 30. Rg3 Rb7 31. Ree3 h6 32. Nc6 Qd7 33. Qf6 g6 34.
Nd4 Kh7 35. Nxe6 Qxe6 36. Rxg6 1-0

[Event "MCR mladeze 2014, D16"]
[Site "Kouty nad Desnou"]
[Date "2014.03.11"]
[Round "4"]
[White "Mackova, Veronika"]
[Black "Suchomelova, Simona"]
[Result "1-0"]
[WhiteElo "1747"]
[BlackElo "1818"]
[PlyCount "75"]
[EventDate "2014.??.??"]

1. c4 e5 2. Nc3 Nf6 3. Nf3 Nc6 4. d4 exd4 5. Nxd4 d6 6. g3 Bd7 7. Bg2 Be7 8.
O-O O-O 9. h3 Re8 10. e4 Nxd4 11. Qxd4 a5 12. f4 Bc6 13. Kh2 Nd7 14. Nd5 Bf6
15. Qf2 Bxd5 16. cxd5 Rc8 17. g4 g6 18. Be3 Qe7 19. g5 Bg7 20. Rae1 Qf8 21. Bf3
b6 22. Bg4 Rcd8 23. Qg2 Nc5 24. Bxc5 bxc5 25. f5 Be5+ 26. Kh1 Qg7 27. h4 Rb8
28. Re2 Kh8 29. Ref2 Rf8 30. f6 Qg8 31. h5 Rb4 32. b3 c4 33. Rf3 cxb3 34. hxg6
fxg6 35. Be6 Rf7 36. Bxf7 Qxf7 37. Rxb3 Rxb3 38. axb3 1-0

[Event "MCR mladeze 2014, D16"]
[Site "Kouty nad Desnou"]
[Date "2014.03.11"]
[Round "4"]
[White "Benesova, Martina"]
[Black "Bohanesova, Vendula"]
[Result "0-1"]
[WhiteElo "1496"]
[BlackElo "1651"]
[PlyCount "90"]
[EventDate "2014.??.??"]

1. e4 e6 2. d4 d5 3. exd5 exd5 4. Bd3 c5 5. dxc5 Bxc5 6. Qe2+ Ne7 7. Be3 Qb6 8.
Bxc5 Qxc5 9. c3 Nbc6 10. h3 O-O 11. Nf3 Nf5 12. Bxf5 Bxf5 13. O-O Rfe8 14. Qd2
Rad8 15. Nd4 Bg6 16. Na3 Nxd4 17. cxd4 Qb6 18. Rfe1 f6 19. Rxe8+ Rxe8 20. f3 h6
21. Rc1 a6 22. Rc3 Qe6 23. Kf2 Rc8 24. Rxc8+ Qxc8 25. Qc3 Qxc3 26. bxc3 b5 27.
Ke2 Kf7 28. Kd2 Ke6 29. Nc2 Bxc2 30. Kxc2 Kf5 31. g3 h5 32. h4 g5 33. Kb3 g4
34. fxg4+ Kxg4 35. a4 Kxg3 36. axb5 axb5 37. Kb4 f5 38. Kxb5 f4 39. c4 f3 40.
cxd5 f2 41. d6 f1=Q+ 42. Kb6 Qc4 43. d7 Qxd4+ 44. Kc7 Qxd7+ 45. Kxd7 Kxh4 0-1

[Event "MCR mladeze 2014, D16"]
[Site "Kouty nad Desnou"]
[Date "2014.03.11"]
[Round "4"]
[White "Pokorna, Jana"]
[Black "Pychova, Nela"]
[Result "0-1"]
[WhiteElo "1378"]
[BlackElo "1990"]
[PlyCount "98"]
[EventDate "2014.??.??"]

1. e4 c5 2. Nf3 d6 3. d4 cxd4 4. Nxd4 Nf6 5. Nc3 g6 6. Be3 Bg7 7. f3 O-O 8. Qd2
Nc6 9. O-O-O Nxd4 10. Bxd4 Be6 11. Kb1 Qc7 12. g4 Rfc8 13. Nb5 Qc6 14. a3 b6
15. g5 Nh5 16. Bxg7 Kxg7 17. Qc3+ Qxc3 18. Nxc3 Rc5 19. h4 a6 20. Nd5 Bxd5 21.
Rxd5 Rc6 22. Bh3 Ra7 23. Bg4 Nf4 24. Rd2 Rc5 25. b4 Rc3 26. Kb2 Rac7 27. Rf2 h5
28. gxh6+ Kxh6 29. Re1 a5 30. bxa5 bxa5 31. Rd2 Kg7 32. Rf2 Kf6 33. Rd2 Ke5 34.
Rf2 Kd4 35. Rd2+ Kc4 36. Rf2 Kb5 37. Rd2 Ka6 38. Rf2 Kb6 39. Rh2 Ka6 40. Rf2 e6
41. Rd1 R3c6 42. Rh1 Rb7+ 43. Ka2 Rcb6 44. Rd2 f5 45. exf5 exf5 46. Bxf5 gxf5
47. Rdd1 Ne2 48. Ka1 Nc3 49. Rde1 Rb2 0-1

[Event "MCR mladeze 2014, D16"]
[Site "Kouty nad Desnou"]
[Date "2014.03.11"]
[Round "4"]
[White "Tajovska, Martina"]
[Black "Beluska, Tereza"]
[Result "1/2-1/2"]
[WhiteElo "1575"]
[BlackElo "1660"]
[PlyCount "78"]
[EventDate "2014.??.??"]

1. e4 e6 2. d4 d5 3. exd5 exd5 4. Bd3 Nc6 5. c3 Bd6 6. Ne2 Nge7 7. Bf4 Bxf4 8.
Nxf4 Qd6 9. Ne2 Bf5 10. O-O O-O-O 11. b4 g5 12. a4 h5 13. Bxf5+ Nxf5 14. Qd3
Nh6 15. Nd2 Ng4 16. Nf3 f6 17. a5 Kb8 18. Ng3 Ne7 19. b5 h4 20. Nf5 Nxf5 21.
Qxf5 Qd7 22. Qxd7 Rxd7 23. h3 Nh6 24. Rfb1 Nf7 25. Nd2 Nd6 26. Nb3 Ne4 27. Nc5
Re7 28. Re1 Rhe8 29. Nxe4 Rxe4 30. Rxe4 Rxe4 31. Kf1 a6 32. bxa6 bxa6 33. Rb1+
Kc8 34. Rb3 Kd7 35. f3 Re6 36. Kf2 f5 37. Rb8 Re8 38. Rb7 Re6 39. Rb8 Re8
1/2-1/2

[Event "MCR mladeze 2014, D16"]
[Site "Kouty nad Desnou"]
[Date "2014.03.11"]
[Round "4"]
[White "Kubosova, Jana"]
[Black "Kubosova, Hana"]
[Result "1/2-1/2"]
[WhiteElo "1653"]
[BlackElo "1509"]
[PlyCount "22"]
[EventDate "2014.??.??"]

1. d4 d6 2. Nf3 Nd7 3. Bf4 Ngf6 4. e3 c6 5. c4 Qc7 6. h3 e5 7. Bh2 Be7 8. Nc3
O-O 9. Be2 exd4 10. exd4 Re8 11. O-O Bf8 1/2-1/2

[Event "MCR mladeze 2014, D16"]
[Site "Kouty nad Desnou"]
[Date "2014.03.11"]
[Round "4"]
[White "Novotna, Barbora"]
[Black "Dolezalova, Lada"]
[Result "0-1"]
[WhiteElo "1546"]
[BlackElo "1606"]
[PlyCount "82"]
[EventDate "2014.??.??"]

1. e4 e6 2. d4 d5 3. e5 c5 4. c3 Qb6 5. Nf3 Bd7 6. a3 Bb5 7. Bd3 Bxd3 8. Qxd3
Nc6 9. b4 cxd4 10. cxd4 Rc8 11. Nc3 Nxb4 12. axb4 Rxc3 13. Qd1 Bxb4 14. Bd2 Rc6
15. O-O Bxd2 16. Qxd2 Ne7 17. Rfb1 Qc7 18. Rxa7 O-O 19. Raxb7 Qd8 20. Qb4 Nf5
21. g4 Rc4 22. Qd2 Nh4 23. Nxh4 Qxh4 24. Qd1 h5 25. R7b4 Rxb4 26. Rxb4 Qxg4+
27. Qxg4 hxg4 28. Rb3 f6 29. exf6 Rxf6 30. Kg2 Rf4 31. Rd3 Kf7 32. Kg3 g5 33.
Kg2 Kf6 34. Kf1 Rf3 35. Re3 Rf4 36. Rd3 Re4 37. f3 Rf4 38. Ke2 gxf3+ 39. Rxf3
Rxf3 40. Kxf3 Kf5 41. h3 e5 0-1

[Event "MCR mladeze 2014, D16"]
[Site "Kouty nad Desnou"]
[Date "2014.03.11"]
[Round "4"]
[White "Hartingerova, Martina"]
[Black "Homolkova, Ivana"]
[Result "1-0"]
[WhiteElo "1458"]
[BlackElo "1341"]
[PlyCount "55"]
[EventDate "2014.??.??"]

1. d4 d5 2. c4 e6 3. Nc3 c5 4. cxd5 exd5 5. Nf3 Nc6 6. dxc5 d4 7. Nb5 Qa5+ 8.
Qd2 Qxb5 9. e3 Qxc5 10. exd4 Qb4 11. d5 Qxd2+ 12. Bxd2 Nce7 13. Bb5+ Bd7 14.
Bxd7+ Kxd7 15. Ne5+ Ke8 16. d6 Nf5 17. d7+ Ke7 18. Rc1 Rd8 19. Rc8 Nf6 20. Rxd8
Kxd8 21. Nxf7+ Kxd7 22. Nxh8 Ke7 23. O-O Nd6 24. Bb4 Nfe8 25. Re1+ Kd7 26. Nf7
Nxf7 27. Bxf8 g6 28. Re7+ 1-0

[Event "MCR mladeze 2014, D16"]
[Site "Kouty nad Desnou"]
[Date "2014.03.11"]
[Round "4"]
[White "Navratilova, Lenka"]
[Black "Kotsyba, Olexandra"]
[Result "1-0"]
[WhiteElo "1323"]
[BlackElo "1078"]
[PlyCount "69"]
[EventDate "2014.??.??"]

1. e4 e5 2. Nf3 Nc6 3. d4 d6 4. Bb5 Bd7 5. O-O Nf6 6. Nc3 a6 7. Ba4 Be7 8. Re1
O-O 9. Bxc6 Bxc6 10. dxe5 dxe5 11. Qxd8 Rfxd8 12. Nxe5 Nxe4 13. Nxc6 bxc6 14.
Nxe4 Re8 15. Bf4 Rac8 16. Re2 Bd6 17. Bxd6 cxd6 18. Rae1 Kf8 19. Nxd6 Rxe2 20.
Rxe2 Rd8 21. Rd2 g6 22. Kf1 Ke7 23. Nc4 Rd5 24. g4 Rc5 25. b3 a5 26. a4 h6 27.
h3 h5 28. f4 f6 29. Ke2 hxg4 30. hxg4 Ke6 31. Rd6+ Ke7 32. Rd4 Ke6 33. Re4+ Kd5
34. Kd3 f5 35. gxf5 1-0

[Event "MCR mladeze 2014, D16"]
[Site "Kouty nad Desnou"]
[Date "2014.03.11"]
[Round "5"]
[White "Mackova, Veronika"]
[Black "Kanakova, Natalie"]
[Result "1-0"]
[WhiteElo "1747"]
[BlackElo "1886"]
[PlyCount "53"]
[EventDate "2014.??.??"]

1. e4 c5 2. c3 d5 3. exd5 Qxd5 4. d4 e6 5. Nf3 Nf6 6. Be3 cxd4 7. cxd4 Be7 8.
Nc3 Qa5 9. Be2 O-O 10. O-O Nc6 11. Rc1 Rd8 12. Qb3 a6 13. Rfd1 Nb4 14. a3 Nbd5
15. Nxd5 Qxd5 16. Bc4 Qd6 17. Ne5 b5 18. Be2 Bb7 19. Bf4 Qd5 20. Qh3 Qa2 21.
Rc7 Qxb2 22. Bh5 g6 23. Bxg6 hxg6 24. Nxg6 fxg6 25. Qxe6+ Kh8 26. Qxe7 Nd7 27.
Be5+ 1-0

[Event "MCR mladeze 2014, D16"]
[Site "Kouty nad Desnou"]
[Date "2014.03.11"]
[Round "5"]
[White "Fuskova, Martina"]
[Black "Janska, Jitka"]
[Result "1-0"]
[WhiteElo "1942"]
[BlackElo "1954"]
[PlyCount "47"]
[EventDate "2014.??.??"]

1. e4 e5 2. Nf3 Nc6 3. Bc4 Nf6 4. d4 exd4 5. e5 d5 6. Bb5 Ne4 7. Nxd4 Bd7 8.
Bxc6 bxc6 9. O-O Bc5 10. f3 Ng5 11. Be3 Bb6 12. f4 Ne4 13. Nd2 Nxd2 14. Qxd2 c5
15. Nf3 Bc6 16. f5 Qc8 17. Rae1 h6 18. f6 g5 19. e6 fxe6 20. Ne5 Qb7 21. f7+
Kf8 22. Ng6+ Kg7 23. Nxh8 Rxh8 24. Bxg5 1-0

[Event "MCR mladeze 2014, D16"]
[Site "Kouty nad Desnou"]
[Date "2014.03.11"]
[Round "5"]
[White "Pychova, Nela"]
[Black "Nova, Michaela"]
[Result "0-1"]
[WhiteElo "1990"]
[BlackElo "1640"]
[PlyCount "106"]
[EventDate "2014.??.??"]

1. c4 e5 2. Nc3 Nf6 3. g3 Bb4 4. Bg2 Bxc3 5. bxc3 O-O 6. Nf3 d6 7. O-O Nbd7 8.
d3 h6 9. Nd2 Rb8 10. Rb1 b6 11. Nb3 Qe7 12. Qc2 a5 13. Bd2 Ba6 14. Rbe1 Nh7 15.
f4 Rbe8 16. e4 Nhf6 17. Qd1 Nb8 18. Na1 Nc6 19. Qa4 Bb7 20. Nc2 Nd7 21. Ne3 Nc5
22. Qc2 Qd7 23. f5 f6 24. Bf3 Ne7 25. Bh5 Rd8 26. Ng4 Bc6 27. d4 Ba4 28. Qb1
Na6 29. Qc1 exd4 30. Bxh6 gxh6 31. Qxh6 Nc6 32. Nxf6+ Rxf6 33. Qxf6 Rf8 34.
Qg6+ Qg7 35. Qe6+ Kh8 36. f6 Qh6 37. Rf4 Nc5 38. Qf5 Ne5 39. Rh4 Bd7 40. Qf2
Ncd3 41. Qf1 Rxf6 42. Qe2 Nxe1 43. Qxe1 Kg7 44. Bd1 Qe3+ 45. Qxe3 dxe3 46. Rf4
Rxf4 47. gxf4 Nxc4 48. Be2 b5 49. Kg2 Nd2 50. Bf3 Bc6 51. h4 Bxe4 52. Bxe4 Nxe4
53. Kf3 Nxc3 0-1